Doing narrative research (Record no. 156209)
[ view plain ]
| 000 -LEADER | |
|---|---|
| fixed length control field | 00655nam a2200253Ia 4500 |
| 003 - CONTROL NUMBER IDENTIFIER | |
| control field | OSt |
| 005 - DATE AND TIME OF LATEST TRANSACTION | |
| control field | 20250624113212.0 |
| 008 - FIXED-LENGTH DATA ELEMENTS--GENERAL INFORMATION | |
| fixed length control field | 210423s2008 xx 000 0 und d |
| 020 ## - INTERNATIONAL STANDARD BOOK NUMBER | |
| International Standard Book Number | 9789142911979 |
| 040 ## - CATALOGING SOURCE | |
| Transcribing agency | AL |
| 041 ## - LANGUAGE CODE | |
| Language code of text/sound track or separate title | English |
| 082 ## - DEWEY DECIMAL CLASSIFICATION NUMBER | |
| Classification number | 001.4 |
| Edition number | 23 |
| Item number | ANDD |
| 100 ## - MAIN ENTRY--PERSONAL NAME | |
| Personal name | Molly Andrews |
| 9 (RLIN) | 78840 |
| 245 ## - TITLE STATEMENT | |
| Title | Doing narrative research |
| 260 ## - PUBLICATION, DISTRIBUTION, ETC. | |
| Place of publication, distribution, etc. | New Delhi |
| Name of publisher, distributor, etc. | Sage Publications |
| Date of publication, distribution, etc. | 2008 |
| 300 ## - PHYSICAL DESCRIPTION | |
| Extent | x,159 |
| Other physical details | PB |
| 365 ## - TRADE PRICE | |
| Price amount | 1975 |
| Currency code | INR |
| 650 ## - SUBJECT ADDED ENTRY--TOPICAL TERM | |
| Topical term or geographic name entry element | General |
| 9 (RLIN) | 78841 |
| 650 ## - SUBJECT ADDED ENTRY--TOPICAL TERM | |
| Topical term or geographic name entry element | Research |
| 9 (RLIN) | 78842 |
| 700 ## - ADDED ENTRY--PERSONAL NAME | |
| Personal name | Squire, Corinne |
| 9 (RLIN) | 215848 |
| 700 ## - ADDED ENTRY--PERSONAL NAME | |
| Personal name | Tamboukou, Maria |
| 9 (RLIN) | 215849 |
| 906 ## - LOCAL DATA ELEMENT F, LDF (RLIN) | |
| a | Doing ; narrative ; research |
| 942 ## - ADDED ENTRY ELEMENTS (KOHA) | |
| Source of classification or shelving scheme | Dewey Decimal Classification |
| Koha item type | Book |
| Withdrawn status | Lost status | Damaged status | Not for loan | Collection code | Home library | Current library | Date acquired | Source of acquisition | Cost, normal purchase price | Total Checkouts | Full call number | Barcode | Date last seen | Price effective from | Koha item type |
|---|---|---|---|---|---|---|---|---|---|---|---|---|---|---|---|
| MAJMC | St Aloysius PG Library | St Aloysius PG Library | 10/01/2008 | Athulya Books | 1975.00 | 001.4 ANDM | PG002682 | 08/24/2022 | 04/26/2021 | Book |